ბათუმის შოთა რუსთაველის სახელმწიფო უნივერსიტეტის ბიბლიოთეკა

Кавказская цивилизация в контексте глобализации / (ბიბ.ჩანაწერი № 60724)

000 -LEADER
fixed length control field 00821nam a22001817a 4500
005 - DATE AND TIME OF LATEST TRANSACTION
control field 20231013164416.0
008 - FIXED-LENGTH DATA ELEMENTS--GENERAL INFORMATION
fixed length control field 231013s2009 ru ||||| |||| 00| 0 rus d
020 ## - INTERNATIONAL STANDARD BOOK NUMBER
International Standard Book Number 9789197775137
041 ## - LANGUAGE CODE
Language code of text/sound track or separate title rus
080 ## - UNIVERSAL DECIMAL CLASSIFICATION NUMBER
Universal Decimal Classification number 930.85(479)+ 008(=35) M-54
100 ## - MAIN ENTRY--PERSONAL NAME
Personal name Метревели, Роин Викторович
9 (RLIN) 20076
245 ## - TITLE STATEMENT
Title Кавказская цивилизация в контексте глобализации /
Statement of responsibility, etc. Роин Метревели; Национальная академия наук Грузии.
264 ## - PRODUCTION, PUBLICATION, DISTRIBUTION, MANUFACTURE, AND COPYRIGHT NOTICE
Place of production, publication, distribution, manufacture Стокгольм :
Name of producer, publisher, distributor, manufacturer CA&CC press,
Date of production, publication, distribution, manufacture, or copyright notice 2009.
300 ## - PHYSICAL DESCRIPTION
Extent 108 с. ;
Other physical details 20 см.
521 ## - TARGET AUDIENCE NOTE
Target audience note ბიბლიოგრაფია ტექსტის შენიშვნებში.
653 ## - INDEX TERM--UNCONTROLLED
keyword კავკასიური ცივილიზაცია.
942 ## - ADDED ENTRY ELEMENTS (KOHA)
Source of classification or shelving scheme
Koha item type წიგნი
ეგზემპლარები
Withdrawn status Lost status Source of classification or shelving scheme Damaged status Not for loan Permanent Location Current Location Shelving location Date acquired Cost, normal purchase price Full call number Barcode Date last seen Copy number Uniform Resource Identifier Price effective from Koha item type Public note
          ბათუმის შოთა რუსთაველის სახელმწიფო უნივერსიტეტის მთავარი ბიბლიოთეკა ბათუმის შოთა რუსთაველის სახელმწიფო უნივერსიტეტის მთავარი ბიბლიოთეკა წიგნსაცავი 2023-10-13 10.00 930.85(479)+ 008(=35) M-54 65305 2023-10-13 65305 ბსუ-ს საპატიო დოქტორის გურამ ლორთქიფანიძის საჩუქარი 2023-10-13 წიგნი 10 ლ.
          ბათუმის შოთა რუსთაველის სახელმწიფო უნივერსიტეტის მთავარი ბიბლიოთეკა ბათუმის შოთა რუსთაველის სახელმწიფო უნივერსიტეტის მთავარი ბიბლიოთეკა წიგნსაცავი 2023-11-10 10.00 930.85(479)+ 008(=35) M-54 65409 2023-11-10 65409   2023-11-10 წიგნი 10 ლ.